000 00637nam a22002297a 4500
003 UA-OsUOA
001 59446
007 ta
008 20090330b un ||||| |||| 00| 0 ukr d
100 _aЗварич О.
700 _aЛюбиш-Кірдей І.
090 _a82
_bЗ-42
942 _cSA
040 _aUA-OsUOA
_bukr
_cUA-OsUOA
_dUA-OsUOA
245 _aЗаворожене місце/До 200-річчя від дня народження М.Гоголя
300 _aС.8-9
955 _a0
041 _aukr
080 _a82
773 0 _w59445
650 7 _a82 Література. Літературознавство
_2UDC
999 _c345525
_d345525